000 02182cam a22004934i 4500
003 PE-LiUPU
005 20250731173320.0
008 150625s2007 ag rb 000 0 spa d
020 _a9871378025
035 _a(Sirsi) i9789871378029
040 _aPE-LiUPU
_bspa
_cPE-LiUPU
_erda
049 _aPRUA
082 0 4 _a226.306
_bR44
_221
100 1 _aRespen, Lut,
_eautor.
245 1 3 _aEl compromiso de Dios con la humanidad :
_bla pasión en el evangelio de Marcos /
_cLut Respen.
264 1 _aEntre Ríos, Argentina :
_bEditorial Universidad Adventista del Plata,
_c2007.
300 _a320 páginas ;
_c22 centímetros
336 _atext
_2rdacontent
337 _aunmediated
_2rdamedia
338 _avolume
_2rdacarrier
504 _aIncluye bibliografía selecta.
505 0 _aEl avance hacia la pasión -- La pasión -- El sufrimiento del hijo de Dios -- El juicio delante del sanedrín: confesión y negación -- El juicio delante de Pilato: Jesús el rey -- La crucifixión y la muerte -- Las reacciones frente a la cruz -- La tumba y el entierro.
526 _aSEG42
526 _aSEG41
526 _aSEG40
526 _aSEG39
526 _aP94
526 _aP87
526 _aP86
526 _aP85
526 _aP77
526 _aP76
526 _aP35
630 _aBiblia.
_pN.T.
_pMarcos
_xComentarios.
942 _2ddc
_cBOOK
949 _a226.306 R44
_wDEWEY
_c1
_i57206
_lCCODEBUL1
_mBUL
_r0
_sY
_tBOOK
_u2015-6-25
_xTEOLOGIA
_zUNKNOWN
_0COMPRA
_o.STAFF. Colección General
949 _a226.306 R44
_wDEWEY
_c2
_i57354
_lCCODEBUL1
_mBUL
_r0
_sY
_tBOOK
_u2015-6-25
_xTEOLOGIA
_zUNKNOWN
_0COMPRA
_o.STAFF. Colección General
994 _aC0
_bPEPRU
596 _a1
999 _a226.306 R44
_wDEWEY
_c46429
_i57206
_f2021-11-9
_g7
_lCCODEBUL1
_mBUL
_p20.00
_r0
_sY
_tBOOK
_u2015-6-25
_xTEOLOGIA
_PP35
_0COMPRA
_o.STAFF. Colección Teología
_d46429
999 _a226.306 R44
_wDEWEY
_c2
_i57354
_d2018-10-28
_f2021-11-9
_g4
_lCCODEBUL1
_mBUL
_q1
_r0
_sY
_tBOOK
_u2015-6-25
_xTEOLOGIA
_zUNKNOWN
_0COMPRA
_o.STAFF. Colección General
980 _81
_gALBERTO SANCHEZ Responsable de Automatización